Ako Rusi veľkú vojnu vyhrali- - sarkastická reakcia na ruskú propagandu a jej snahu prezentovať ruské velikášstvo, alebo, Ako to bolo v skutočnosti s ruskými hrdinami a víťazstvami

Bibliographic Details
Main Author: Kumičák, Juraj (Author)
Format: Book
Language:Slovak
PhysicalDescription:77 strán fotografie, grafy, ilustrácie, mapy 30 cm
Published: [Žilina] Juraj Kumičák, Selfpublishing 2023
ISBN:9788057051565
Subjects:

MARC

LEADER 00000cam a2200000 4500
001 vtls012252742
003 SK-MaSNL
005 20260421102525.0
008 240314s2023 xo oab g 000 0 slo
015 |a SNBA2026/04 
020 |a 9788057051565  |q (brožované) 
040 |a SNK  |b slo  |c SNK  |e rda 
041 0 |a slo 
043 |a e-ru---e-ur--- 
044 |a xo  |c SK 
072 7 |a 355/359  |x Vojenstvo. Obrana krajiny. Ozbrojené sily  |2 konspekt 
072 7 |a 32  |x Politika  |2 konspekt 
080 |a 355.01  |2 2011 
080 |a 32.019.5  |2 2011 
080 |a 179.6-051  |2 2011 
080 |a 323.282  |2 2011 
080 |a 355.4(091)  |2 2011 
080 |a (470+571)  |2 2011 
080 |a (47+57)  |2 2011 
080 |a (048.8)  |2 2011 
100 1 |a Kumičák, Juraj  |4 aut  |9 9739 
245 1 0 |a Ako Rusi veľkú vojnu vyhrali-  |b - sarkastická reakcia na ruskú propagandu a jej snahu prezentovať ruské velikášstvo, alebo, Ako to bolo v skutočnosti s ruskými hrdinami a víťazstvami  |c Juraj Kumičák 
264 1 |a [Žilina]  |b Juraj Kumičák, Selfpublishing  |c 2023 
300 |a 77 strán  |b fotografie, grafy, ilustrácie, mapy  |c 30 cm 
336 |a text  |b txt  |2 rdacontent 
337 |a bez média  |b n  |2 rdamedia 
338 |a zväzok  |b nc  |2 rdacarrier 
500 |a Miesto vydania podľa NA ISBN 
500 |a Kniha je sumarizáciou blogov, ktoré pod rovnakým názvom "Ako Rusi veľkú vojnu vyhrali" vychádzali v rokoch 2022 a 2023 v denníku Sme 
650 0 7 |a vojny  |2 SNKPH  |9 4454 
650 0 7 |a propaganda  |2 SNKPH  |9 3961 
650 0 7 |a hrdinovia  |2 SNKPH  |9 106577 
650 0 7 |a štátny teror  |2 SNKPH  |9 83431 
650 0 7 |a vojenské dejiny  |2 SNKPH  |9 70411 
650 0 7 |a Wars  |2 SNKPHeng  |9 310555 
650 0 7 |a Propaganda  |2 SNKPHeng  |9 3961 
650 0 7 |a Heroes  |2 SNKPHeng  |9 412895 
650 0 7 |a Terror of state  |2 SNKPHeng  |9 277134 
650 0 7 |a Military history  |2 SNKPHeng  |9 267258 
651 7 |a Rusko  |2 SNKPHgeo  |9 17250 
651 7 |a Sovietsky zväz  |2 SNKPHgeo  |9 22126 
651 7 |a Russia  |2 SNKPHeng  |9 278886 
651 7 |a Soviet Union  |2 SNKPHeng  |9 277091 
655 7 |a monografie  |2 SNKPH  |9 70139 
655 7 |a Monographs  |2 SNKPHeng  |9 120675 
852 |a Slovenská národná knižnica 
919 |a 978-80-570-5156-5 
954 |a odborná, vedecká literatúra pôvodná (slovenská)  |2 lita 
999 |c 562172  |d 564102 
952 |a SNK  |b SNK  |c SNK_KF  |y PREZ  |7 8  |p 17A1551231  |o snkSB 100113  |i snk2024/10839  |8 0  |0 0  |1 0  |4 0  |d 2024-07-10  |l 0  |r 2026-02-23 13:46:24  |w 2026-02-23